[Event "Saint Louis Rapid 2020"]
[Site "Internet"]
[Date "16.09.2020"]
[Round "6R"]
[White "Nakamura,Hi"]
[Black "Nepomniachtchi,I"]
[Result "0-1"]
[WhiteElo "2736"]
[BlackElo "2784"]
[EventDate "2020.09.15"]

1. e4 c5 2. Nf3 d6 3. Nc3 Nf6 4. h3 a6 5. a4 Nc6 6. d4 cxd4 7. Nxd4 Bd7 8.
Nb3 g6 9. a5 Bg7 10. Be3 O-O 11. Be2 Be6 12. Bb6 Qc8 13. O-O Nd7 14. Na4
Rb8 15. c4 Nxb6 16. Nxb6 Qd8 17. Qd2 Ne5 18. f4 Nd7 19. f5 Bxf5 20. exf5
Nxb6 21. c5 Nc8 22. Rad1 Qe8 23. Qf4 Be5 24. Qe4 Qc6 25. Qe3 Bxb2 26. Bc4
dxc5 27. fxg6 hxg6 28. Qh6 Nd6 29. Nd4 Qe4 30. Rf4 Qxf4 31. Qxf4 Bxd4+ 32.
Rxd4 cxd4 33. Bd3 Rbc8 34. Qxd4 Rfd8 35. Qe5 e6 36. h4 Nf5 37. Bxf5 exf5
38. h5 Re8 39. Qd5 gxh5 40. Qxb7 Rc1+ 41. Kh2 h4 42. Qd5 Re6 43. Qd8+ Kh7
44. Qd7 Rf6 45. Qe7 Rcc6 46. Kh3 Kg7 47. Kxh4 Rce6 48. Qc5 Re2 49. Kg3 Rg6+
50. Kf3 Rexg2 51. Qe5+ Kh7 52. Qxf5 R2g3+ 53. Kf2 Kg8 54. Qd5 R3g5 55. Qd8+
Kg7 56. Qc7 Re6 57. Qc3+ Kh7 58. Qd3+ Kh6 59. Qc3 Rf5+ 0-1

[Event "Saint Louis Rapid 2020"]
[Site "Internet"]
[Date "16.09.2020"]
[Round "6R"]
[White "So,W"]
[Black "Grischuk,A"]
[Result "1/2-1/2"]
[WhiteElo "2770"]
[BlackElo "2777"]
[EventDate "2020.09.15"]

1. d4 Nf6 2. c4 e6 3. Nf3 d5 4. Nc3 Be7 5. Bf4 O-O 6. e3 Nbd7 7. Be2 dxc4
8. O-O c5 9. dxc5 Nxc5 10. Bxc4 Qxd1 11. Rfxd1 b6 12. Bd6 Bxd6 13. Rxd6 Bb7
14. Rad1 Bxf3 15. gxf3 Nb7 16. R6d4 Rfd8 17. f4 Rxd4 18. Rxd4 Kf8 19. Be2
Rd8 20. Rxd8+ Nxd8 21. Bf3 1/2-1/2

[Event "Saint Louis Rapid 2020"]
[Site "Internet"]
[Date "16.09.2020"]
[Round "6R"]
[White "Dominguez Perez,L"]
[Black "Firouzja,Alireza"]
[Result "1-0"]
[WhiteElo "2758"]
[BlackElo "2728"]
[EventDate "2020.09.15"]

1. e4 c6 2. d4 d5 3. e5 Bf5 4. h4 h5 5. Bd3 Bxd3 6. Qxd3 Qa5+ 7. Nd2 e6 8.
Ngf3 Nh6 9. O-O Nf5 10. a4 Qa6 11. c4 Bb4 12. b3 c5 13. dxc5 Nc6 14. Ba3
Bxd2 15. Nxd2 Rd8 16. Qb1 Ncd4 17. Re1 Rh6 18. cxd5 Rxd5 19. Nc4 Rg6 20.
Re4 Nxh4 21. g3 Nhf3+ 22. Kg2 Qc6 23. Na5 Qd7 24. Nc4 Qc6 25. Na5 Qc7 26.
Nc4 Ng5 27. Rh4 1-0

[Event "Saint Louis Rapid 2020"]
[Site "Internet"]
[Date "17.09.2020"]
[Round "7R"]
[White "Firouzja,Alireza"]
[Black "Carlsen,M"]
[Result "0-1"]
[WhiteElo "2728"]
[BlackElo "2863"]
[EventDate "2020.09.15"]

1. d4 Nf6 2. c4 e6 3. Nc3 Bb4 4. f3 d5 5. a3 Bxc3+ 6. bxc3 c6 7. a4 Qa5 8.
Qd2 O-O 9. e3 Re8 10. Bd3 dxc4 11. Bxc4 b6 12. Bd3 Ba6 13. c4 c5 14. Ne2
Nc6 15. Kf2 Nb4 16. Bb2 cxd4 17. Nxd4 Rad8 18. Bc3 Nxd3+ 19. Qxd3 Qc5 20.
Qc2 Bxc4 21. Rhd1 Nd5 22. Bd2 e5 23. Nf5 Nf4 24. Kg3 Nd3 25. Qc3 Be6 26.
Qxc5 Nxc5 0-1

[Event "Saint Louis Rapid 2020"]
[Site "Internet"]
[Date "17.09.2020"]
[Round "7R"]
[White "Grischuk,A"]
[Black "Dominguez Perez,L"]
[Result "1-0"]
[WhiteElo "2777"]
[BlackElo "2758"]
[EventDate "2020.09.15"]

1. d4 Nf6 2. c4 e6 3. Nf3 d5 4. g3 dxc4 5. Bg2 Bb4+ 6. Bd2 a5 7. Qc2 Bxd2+
8. Qxd2 c6 9. a4 b5 10. axb5 cxb5 11. Qg5 O-O 12. Qxb5 Ba6 13. Qa4 Qb6 14.
O-O Bb5 15. Qa3 Nc6 16. Nc3 Rab8 17. e3 Nd5 18. Nxb5 Qxb5 19. Rfc1 Qxb2 20.
Rxc4 Qxa3 21. Rxa3 Rfc8 22. Rc5 g6 23. Ra1 Kg7 24. Nd2 Ncb4 25. Rcxa5 Rc2
26. Ne4 Nd3 27. Bf1 Rb3 28. Bxd3 Rxd3 29. R5a2 Rd1+ 30. Rxd1 Rxa2 31. Rd2
Ra3 32. Kg2 Nf6 33. Nc5 g5 34. h3 h5 35. Rc2 g4 36. hxg4 hxg4 37. Kf1 Nd5
38. Ke2 Kg6 39. Kd2 Nf6 40. Rb2 Kf5 41. Ke2 Ne4 42. Rc2 f6 43. Nxe4 Kxe4
44. Rb2 Ra1 45. Rd2 Ra4 46. Rc2 Ra1 47. Rb2 Ra4 48. Rd2 Ra1 49. d5 exd5 50.
Rd4+ Kf5 51. Rxd5+ Kg6 52. e4 Ra3 53. Rd3 Ra1 54. Rd5 Ra3 55. Rf5 Rb3 56.
Ra5 Rc3 57. Ra6 Kf7 58. Ra4 Ke6 59. Ra5 Rc4 60. Kd3 Rb4 61. Rf5 Rb3+ 62.
Ke2 Rb2+ 63. Ke3 Ra2 64. Rf4 Ra3+ 65. Ke2 Ra2+ 66. Kf1 Ra4 67. Rxg4 Ke5 68.
Rf4 Rxe4 69. Rxe4+ Kxe4 70. Ke2 f5 71. f3+ Ke5 72. Kd3 Kd5 73. Kd2 Kd4 74.
Ke2 Ke5 75. Kf1 Kd4 76. Kg2 Ke3 77. f4 Ke4 78. Kh3 Kf3 79. Kh4 1-0

[Event "Saint Louis Rapid 2020"]
[Site "Internet"]
[Date "17.09.2020"]
[Round "7R"]
[White "Nepomniachtchi,I"]
[Black "So,W"]
[Result "1/2-1/2"]
[WhiteElo "2784"]
[BlackElo "2770"]
[EventDate "2020.09.15"]

1. e4 e5 2. Bc4 Nf6 3. d3 c6 4. Nf3 d5 5. Bb3 Bb4+ 6. c3 Bd6 7. O-O O-O 8.
exd5 cxd5 9. Bg5 Be6 10. c4 d4 11. c5 Bxb3 12. Qxb3 Bxc5 13. Bxf6 Qxf6 14.
Qxb7 Nc6 15. Qb5 Be7 16. Rc1 Rfc8 17. Nbd2 Qe6 18. a3 Rab8 19. Qc4 Nd8 20.
Qxe6 Rxc1+ 21. Rxc1 Nxe6 22. b4 f6 23. g3 a5 24. Rc6 Nd8 25. Rc7 Rb7
1/2-1/2

[Event "Saint Louis Rapid 2020"]
[Site "Internet"]
[Date "17.09.2020"]
[Round "7R"]
[White "Aronian,L"]
[Black "Nakamura,Hi"]
[Result "0-1"]
[WhiteElo "2773"]
[BlackElo "2736"]
[EventDate "2020.09.15"]

1. d4 Nf6 2. c4 e6 3. Nc3 Bb4 4. e3 O-O 5. Bd3 c5 6. Nge2 d5 7. cxd5 cxd4
8. exd4 Nxd5 9. Qc2 h6 10. O-O Nc6 11. Rd1 Bd6 12. Bh7+ Kh8 13. Be4 Nce7
14. Bd2 Bd7 15. Qc1 Kg8 16. Bxh6 Nxc3 17. Nxc3 gxh6 18. Qxh6 f5 19. d5 fxe4
20. Qg5+ Kh7 21. Nxe4 exd5 22. Nxd6 Ng6 23. Qh5+ Kg7 24. Rxd5 Qf6 25. Ne4
Qe7 26. Ng3 Qf7 27. f3 Be6 28. Rd6 Rad8 29. Rad1 Qc7 30. Ne4 Rxd6 31. Rxd6
Qc1+ 32. Kf2 Qxb2+ 33. Rd2 Qb4 34. Qc5 Qxc5+ 35. Nxc5 Bc8 36. Kg3 Ne7 37.
Kf2 b6 38. Ne4 Be6 39. h4 Bd5 40. Nc3 Bc6 41. Ne2 Rh8 42. g3 Kf7 43. Nf4 b5
44. h5 a5 45. g4 b4 46. g5 a4 47. Rd4 Rb8 48. Nd3 b3 49. axb3 axb3 50. Nb2
Bd5 51. Rf4+ Kg7 52. Ke3 Rh8 53. h6+ Kg6 54. Rg4 Re8 55. f4 Nf5+ 56. Kd3
Rd8 57. Rg1 Bf7+ 58. Kc3 Rc8+ 59. Kb4 Ne3 60. Nd3 Nd5+ 61. Kb5 Be8+ 62. Ka6
b2 63. Rb1 Bb5+ 64. Kxb5 Nc3+ 65. Kb4 Nxb1 66. Nxb2 Rb8+ 0-1

[Event "Saint Louis Rapid 2020"]
[Site "Internet"]
[Date "17.09.2020"]
[Round "8R"]
[White "Carlsen,M"]
[Black "Xiong,Jeffery"]
[Result "1/2-1/2"]
[WhiteElo "2863"]
[BlackElo "2709"]
[EventDate "2020.09.15"]

1. e4 e6 2. d4 d5 3. Nc3 Bb4 4. e5 Ne7 5. a3 Bxc3+ 6. bxc3 c5 7. Nf3 Bd7 8.
a4 Qa5 9. Bd2 c4 10. h4 Bxa4 11. h5 h6 12. g3 Nbc6 13. Bh3 Bxc2 14. Qc1 Ba4
15. O-O b5 16. Nh4 Qb6 17. Be3 Bb3 18. f4 b4 19. f5 exf5 20. Bxf5 bxc3 21.
Qxc3 O-O 22. Qd2 Qb4 23. Qf2 c3 24. Qf4 c2 25. Rac1 Qc3 26. Rf2 Rab8 27.
Kh2 Ba4 28. Bxc2 Bxc2 29. Rcxc2 Qd3 30. Rfd2 Qe4 31. Qxe4 dxe4 32. d5 Nxe5
33. Bf4 e3 34. Re2 f6 35. d6 Nd5 36. Rc5 Nxf4 37. gxf4 Nd3 38. Rc4 Rb2 39.
Rxb2 Nxb2 40. Re4 f5 41. Re7 Nc4 42. d7 Nb6 43. Kg2 Kh7 44. Ng6 Rb8 45. Kf3
a5 46. Ne5 Rd8 47. Ke2 a4 48. Re6 Nxd7 49. Rd6 a3 50. Nxd7 a2 51. Nf6+ gxf6
52. Ra6 Rd2+ 53. Kxe3 Rh2 54. Ra7+ Kg8 55. Kd4 Re2 56. Kd5 Kf8 57. Kd6 Kg8
58. Ra8+ Kf7 59. Ra7+ Kf8 60. Ra8+ Kf7 61. Ra7+ Kf8 62. Ra8+ Kf7 1/2-1/2

[Event "Saint Louis Rapid 2020"]
[Site "Internet"]
[Date "17.09.2020"]
[Round "8R"]
[White "So,W"]
[Black "Aronian,L"]
[Result "1-0"]
[WhiteElo "2770"]
[BlackElo "2773"]
[EventDate "2020.09.15"]

1. e4 e5 2. Nf3 Nc6 3. Bb5 Nf6 4. O-O Nxe4 5. Re1 Nd6 6. Nxe5 Be7 7. Bf1
Nxe5 8. Rxe5 O-O 9. d4 Bf6 10. Re1 Re8 11. c3 Rxe1 12. Qxe1 Ne8 13. a4 d5
14. a5 c6 15. Bf4 g6 16. Nd2 Ng7 17. Be5 Be7 18. h3 Be6 19. Nb3 Qf8 20. Qd2
Re8 21. Re1 Bc8 22. Bb8 a6 23. Bf4 Bd8 24. Bh6 Rxe1 25. Qxe1 Qd6 26. Qe3
Qe7 27. Qxe7 Bxe7 28. Nc5 g5 29. Bd3 Ne8 30. h4 gxh4 31. Bf4 Bd8 32. b4 Nc7
33. Kh2 Nb5 34. Na4 Be7 35. Bh6 Nd6 36. Nc5 Bf5 37. Bxf5 Nxf5 38. Bf4 Bxc5
39. bxc5 Kg7 40. Kh3 Kg6 41. Kg4 h5+ 42. Kh3 Ng7 43. Kxh4 Ne6 44. Bd6 Ng5
45. f3 Ne6 46. Be5 Nf8 47. Bd6 Nd7 48. Be7 Kh6 49. Bg5+ Kg6 50. Be7 Kh6 51.
Kg3 Kg7 52. Kf4 Kg6 53. g3 Nf6 54. Ke5 Ne8 55. Bd8 Kg7 56. Kf5 h4 57. Bxh4
Nc7 58. Bf6+ Kf8 59. Ke5 Nb5 60. g4 Ke8 61. g5 Na3 62. Kf5 Nc4 63. g6 Kf8
64. Be5 Nd2 65. Kf6 fxg6 66. Bd6+ Ke8 67. f4 Nf3 68. Kxg6 Nh4+ 69. Kf6 Kd7
70. f5 Nf3 71. Kg7 Ng5 72. Bf4 Nh3 73. Be3 1-0

[Event "Saint Louis Rapid 2020"]
[Site "Internet"]
[Date "17.09.2020"]
[Round "8R"]
[White "Dominguez Perez,L"]
[Black "Nepomniachtchi,I"]
[Result "1-0"]
[WhiteElo "2758"]
[BlackElo "2784"]
[EventDate "2020.09.15"]

1. e4 c6 2. d4 d5 3. e5 c5 4. dxc5 e6 5. Bd3 Nd7 6. Nf3 Nxc5 7. O-O Bd7 8.
c4 Nxd3 9. Qxd3 Ne7 10. Nc3 dxc4 11. Qxc4 Rc8 12. Qe2 Ng6 13. Rd1 Be7 14.
h4 Bxh4 15. Nxh4 Qxh4 16. Ne4 Bc6 17. Nd6+ Ke7 18. Be3 Nf4 19. Qd2 Nh3+ 20.
Kf1 Bd5 21. Qxd5 1-0

[Event "Saint Louis Rapid 2020"]
[Site "Internet"]
[Date "17.09.2020"]
[Round "8R"]
[White "Firouzja,Alireza"]
[Black "Grischuk,A"]
[Result "1/2-1/2"]
[WhiteElo "2728"]
[BlackElo "2777"]
[EventDate "2020.09.15"]

1. e4 e5 2. Nf3 Nc6 3. Bc4 Bc5 4. c3 Nf6 5. d3 d6 6. O-O O-O 7. Re1 Bb6 8.
h3 Ne7 9. Bb3 Ng6 10. Nbd2 c6 11. d4 exd4 12. cxd4 d5 13. e5 Nh5 14. Bc2
Nhf4 15. Nf1 f6 16. Bxf4 Nxf4 17. Ng3 fxe5 18. Rxe5 Bc7 19. Re3 Qf6 20. Ne2
Bxh3 21. gxh3 Nxh3+ 22. Kg2 Nxf2 23. Kxf2 Qh4+ 24. Kg2 Qg4+ 25. Kf2 Qh4+
26. Kg2 Qg4+ 27. Kf2 Qh4+ 1/2-1/2

[Event "Saint Louis Rapid 2020"]
[Site "Internet"]
[Date "17.09.2020"]
[Round "9R"]
[White "Grischuk,A"]
[Black "Carlsen,M"]
[Result "1-0"]
[WhiteElo "2777"]
[BlackElo "2863"]
[EventDate "2020.09.15"]

1. e4 c5 2. Nf3 d6 3. d4 cxd4 4. Nxd4 Nf6 5. Nc3 g6 6. Be3 Bg7 7. f3 a6 8.
Qd2 h5 9. Bc4 Nbd7 10. Bb3 Nc5 11. O-O-O b5 12. Kb1 Bb7 13. a3 Nxb3 14.
cxb3 Rc8 15. Nc2 Qc7 16. Bd4 O-O 17. Qf2 e5 18. Bb6 Qd7 19. Nb4 Rxc3 20.
bxc3 Qe6 21. Kb2 Rc8 22. Ba5 d5 23. Qa7 Ba8 24. Nxa6 Bf8 25. Nc7 Qe7 26.
Nxb5 Qe8 27. Nc7 Qe7 28. Bb6 dxe4 29. Nxa8 Qxa7 30. Bxa7 Rxa8 31. Bf2 Bxa3+
32. Kc2 Be7 33. Ra1 Rc8 34. Rhd1 exf3 35. gxf3 e4 36. fxe4 Nxe4 37. Bd4 f5
38. Kb2 Kf7 39. b4 g5 40. Kb3 g4 41. Ra7 Ke6 42. Ra6+ Kf7 43. c4 Bd6 44.
Bg1 Ke7 45. c5 Be5 46. Rd5 1-0

[Event "Saint Louis Rapid 2020"]
[Site "Internet"]
[Date "17.09.2020"]
[Round "9R"]
[White "Nepomniachtchi,I"]
[Black "Firouzja,Alireza"]
[Result "1/2-1/2"]
[WhiteElo "2784"]
[BlackElo "2728"]
[EventDate "2020.09.15"]

1. e4 c6 2. Nf3 d5 3. d3 g6 4. e5 f6 5. d4 Bg7 6. exf6 Nxf6 7. Be2 Qd6 8.
O-O Nbd7 9. c4 e5 10. cxd5 Nxd5 11. Nc3 exd4 12. Nxd4 N7b6 13. Bf3 O-O 14.
Nxd5 Nxd5 15. Nb5 Qc5 16. Bxd5+ Qxd5 17. Qxd5+ cxd5 18. Nc7 Rb8 19. Nxd5
Be6 20. Nc3 b5 21. a3 a5 22. Re1 Bc4 23. Be3 b4 24. axb4 1/2-1/2

[Event "Saint Louis Rapid 2020"]
[Site "Internet"]
[Date "17.09.2020"]
[Round "9R"]
[White "Aronian,L"]
[Black "Dominguez Perez,L"]
[Result "1-0"]
[WhiteElo "2773"]
[BlackElo "2758"]
[EventDate "2020.09.15"]

1. e4 e5 2. Nf3 Nc6 3. Bc4 Bc5 4. d3 Nf6 5. c3 O-O 6. O-O d5 7. exd5 Nxd5
8. Re1 Bg4 9. Nbd2 Nb6 10. h3 Bh5 11. Bb3 Qxd3 12. Nxe5 Qf5 13. Nef3 Rad8
14. Qe2 Qc8 15. Qf1 Rfe8 16. Ne4 Be7 17. Bf4 Nd5 18. Bg3 Bxf3 19. gxf3 a6
20. Rad1 Qf5 21. Qc4 Nb6 22. Qe2 Ne5 23. f4 Ng6 24. Ng5 Nd5 25. Qg4 Qxg4
26. hxg4 c6 27. Nf3 Bf8 28. Rxe8 Rxe8 29. Bxd5 cxd5 30. Rxd5 Re2 31. Rd8 f6
32. f5 Ne7 33. Nd4 1-0

[Event "Saint Louis Rapid 2020"]
[Site "Internet"]
[Date "17.09.2020"]
[Round "9R"]
[White "Harikrishna,P"]
[Black "So,W"]
[Result "0-1"]
[WhiteElo "2732"]
[BlackElo "2770"]
[EventDate "2020.09.15"]

1. e4 e5 2. Nf3 Nc6 3. Bb5 Nf6 4. O-O Nxe4 5. Re1 Nd6 6. Nxe5 Be7 7. Bf1
Nxe5 8. Rxe5 O-O 9. d4 Bf6 10. Re1 Re8 11. c3 Rxe1 12. Qxe1 Ne8 13. a4 a5
14. d5 d6 15. Bd3 Bd7 16. Na3 Bg5 17. Qe4 g6 18. Bb5 Bxc1 19. Rxc1 Qg5 20.
Re1 Nf6 21. Qd4 Re8 22. Rxe8+ Nxe8 23. f4 Qe7 24. h3 Bxb5 25. Nxb5 Qe1+ 26.
Kh2 Ng7 27. Qg1 Qd2 28. Qd4 Qe1 29. Qg1 Qe2 30. Qa7 Nh5 31. Qd4 Qe1 32.
Nxc7 Qg3+ 33. Kh1 Nxf4 34. Qe4 Qf2 35. Qf3 Qxf3 36. gxf3 Kf8 37. b4 axb4
38. cxb4 Ke7 39. b5 b6 40. a5 bxa5 41. b6 Kd7 42. Nb5 Kc8 43. Nxd6+ Kb8 44.
Nc4 a4 45. d6 Kb7 46. d7 Ne6 47. Kg1 Kc6 48. Kf2 Kxd7 49. Ke3 Kc6 50. Kd2
f6 51. Kc3 Nc5 52. Kb4 Nd7 53. Nd2 Nxb6 54. Ne4 h6 55. h4 f5 56. Ng3 h5 57.
Ne2 Kd6 58. Ka3 Ke5 59. Kb4 Kd6 60. Ka3 Ke5 61. Kb4 Nd5+ 62. Kxa4 Nf4 63.
Nc3 Ng2 64. Ne2 f4 65. Kb4 Nxh4 66. Ng1 Nxf3 67. Nxf3+ Ke4 68. Nd2+ Ke3 69.
Nc4+ Ke2 0-1

[Event "Saint Louis Blitz 2020"]
[Site "Internet"]
[Date "18.09.2020"]
[Round "1B"]
[White "Carlsen,M"]
[Black "Nakamura,Hi"]
[Result "1-0"]
[WhiteElo "2863"]
[BlackElo "2736"]
[EventDate "2020.09.15"]

1. c4 e5 2. Nc3 Nf6 3. e3 d5 4. cxd5 Nxd5 5. Qh5 Nc6 6. Bb5 Ndb4 7. Qxe5+
Be6 8. Qe4 a6 9. Be2 Be7 10. a3 Nd5 11. Nf3 O-O 12. O-O Na5 13. Nd4 Nxc3
14. dxc3 Bd5 15. Qg4 Nb3 16. Nxb3 Bxb3 17. e4 Bc5 18. Bg5 Qd6 19. Bf4 Qe7
20. Qg3 Rad8 21. e5 Qe6 22. h4 Kh8 23. h5 h6 24. Bg4 Qc6 25. Bf3 Bd5 26.
Rad1 Bxf3 27. Qxf3 Qxf3 28. gxf3 c6 29. Kg2 Rfe8 30. Bg3 Kg8 31. f4 Be7 32.
f5 Bc5 33. Kf3 a5 34. Ke4 a4 35. f4 Be7 36. Bf2 b5 37. Rg1 Kf8 38. Bb6 Rb8
39. Bc7 Rb7 40. Bd6 c5 41. Bxe7+ Rbxe7 42. Rxg7 Kxg7 43. f6+ Kf8 44. fxe7+
Kxe7 45. Rd5 Rc8 46. f5 Rc6 47. f6+ Ke8 48. Rd6 Rc8 49. Rb6 1-0

[Event "Saint Louis Blitz 2020"]
[Site "Internet"]
[Date "18.09.2020"]
[Round "1B"]
[White "Xiong,Jeffery"]
[Black "So,W"]
[Result "1-0"]
[WhiteElo "2709"]
[BlackElo "2770"]
[EventDate "2020.09.15"]

1. d4 Nf6 2. c4 e6 3. Nc3 Bb4 4. Qc2 O-O 5. a3 Bxc3+ 6. Qxc3 d5 7. Nf3 dxc4
8. Qxc4 b6 9. Bg5 Ba6 10. Qa4 h6 11. Bh4 c5 12. dxc5 bxc5 13. Rd1 Qb6 14.
Bxf6 gxf6 15. e3 Bxf1 16. Kxf1 Nc6 17. h4 Rfd8 18. Rb1 Rd5 19. Rh3 Rad8 20.
Kg1 Kf8 21. Rg3 Ke7 22. Rg4 h5 23. Rc4 Ne5 24. Nxe5 Rxe5 25. b4 Red5 26.
Rbc1 cxb4 27. Rxb4 Qd6 28. Rb7+ Rd7 29. Qxa7 Rxb7 30. Qxb7+ Kf8 31. Qb4
Qxb4 32. axb4 Rb5 33. Rc4 Ke7 34. g4 hxg4 35. Rxg4 f5 36. Rc4 Rb8 37. Kg2
Kf6 38. Kf3 Kg6 39. Ke2 Kh5 40. Kd3 e5 41. Kc3 e4 42. Rc7 Kxh4 43. Rxf7 Kg4
44. Kb3 Rb6 45. Rf8 Rb7 46. Rd8 Kf3 47. Rd2 f4 48. exf4 Kxf4 49. Rd5 Rf7
50. b5 Kf3 51. Rd2 Kg2 52. Re2 Kf3 53. Re3+ Kf4 54. Kb4 Rf6 55. Ka5 Rf5 56.
Ka6 Rc5 57. b6 Rc2 58. b7 Ra2+ 59. Kb6 Rb2+ 60. Kc7 Rc2+ 61. Kd7 Rb2 62.
Kc6 Rc2+ 63. Kd5 Rd2+ 64. Kc4 Rxf2 65. Rb3 Rc2+ 66. Kb5 1-0

[Event "Saint Louis Blitz 2020"]
[Site "Internet"]
[Date "18.09.2020"]
[Round "1B"]
[White "Harikrishna,P"]
[Black "Dominguez Perez,L"]
[Result "0-1"]
[WhiteElo "2732"]
[BlackElo "2758"]
[EventDate "2020.09.15"]

1. c4 e6 2. Nf3 d5 3. e3 Nf6 4. b3 b6 5. Bb2 Bb7 6. Nc3 Nbd7 7. d4 Bd6 8.
cxd5 exd5 9. g3 Qe7 10. Bg2 a6 11. O-O O-O-O 12. a4 h5 13. Qc1 h4 14. Ba3
hxg3 15. hxg3 Ne4 16. Nxe4 dxe4 17. Nd2 f5 18. Nc4 Bxa3 19. Qxa3 Qe6 20.
Rfc1 Kb8 21. Nd2 g5 22. Qb4 Nf6 23. Qc4 Nd5 24. g4 f4 25. Nxe4 Qxg4 26. f3
Qh4 27. exf4 gxf4 0-1

[Event "Saint Louis Blitz 2020"]
[Site "Internet"]
[Date "18.09.2020"]
[Round "1B"]
[White "Aronian,L"]
[Black "Firouzja,Alireza"]
[Result "1-0"]
[WhiteElo "2773"]
[BlackElo "2728"]
[EventDate "2020.09.15"]

1. d4 Nf6 2. c4 g6 3. Nc3 Bg7 4. e4 d6 5. Be2 O-O 6. Be3 e5 7. d5 Na6 8. g4
Nc5 9. Bf3 Bd7 10. b4 Na6 11. Rb1 Qc8 12. g5 Ne8 13. h4 f6 14. Be2 fxg5 15.
hxg5 Rf7 16. c5 Nb8 17. Nf3 a5 18. a3 axb4 19. axb4 Qd8 20. Nd2 Bf8 21. Nc4
Na6 22. c6 bxc6 23. dxc6 Be6 24. b5 Nc5 25. Bxc5 dxc5 26. Qxd8 Rxd8 27. Nd5
Bxd5 28. exd5 Nd6 29. b6 cxb6 30. Rxb6 Ra8 31. O-O Nxc4 32. Bxc4 Bd6 33.
Rfb1 Ra4 34. Rb8+ Kg7 35. Rd8 Rxc4 36. Rxd6 Rg4+ 37. Kf1 Rb4 38. Rxb4 cxb4
39. Rd7 b3 40. Rb7 1-0

[Event "Saint Louis Blitz 2020"]
[Site "Internet"]
[Date "18.09.2020"]
[Round "1B"]
[White "Nepomniachtchi,I"]
[Black "Grischuk,A"]
[Result "1/2-1/2"]
[WhiteElo "2784"]
[BlackElo "2777"]
[EventDate "2020.09.15"]

1. b3 d5 2. Bb2 Bf5 3. d3 e6 4. Nd2 Nf6 5. g3 h6 6. Bg2 Be7 7. e4 Bh7 8.
exd5 exd5 9. Ngf3 O-O 10. O-O Nbd7 11. Re1 Re8 12. a3 c6 13. Nf1 a5 14. Ne3
Bc5 15. Qd2 Qb6 16. Nh4 Bd4 17. Bxd4 Qxd4 18. Nhf5 Qb6 19. Rab1 Qc7 20. Nd4
Qb6 21. Ndf5 Qc7 22. b4 axb4 23. axb4 Bxf5 24. Nxf5 Re5 25. Ne3 Rae8 26. b5
Nf8 27. bxc6 bxc6 28. Qb4 N8d7 29. Qf4 Qa5 30. Red1 Nf8 31. Ra1 Qc3 32. Qa4
Ne6 33. Ra3 Qd4 34. Qxd4 Nxd4 35. Ra6 h5 36. Kf1 Rxe3 37. fxe3 Nxc2 38. Kg1
Nxe3 39. Re1 c5 40. Rc6 c4 41. dxc4 dxc4 42. Bf1 Nxf1 43. Rxe8+ Nxe8 44.
Kxf1 Nf6 45. Rxc4 g6 46. Kg2 Kg7 47. Kf3 Ng4 48. Rc2 Kf6 49. h3 Nh6 50.
Rc6+ Kg7 51. Kf4 Nf5 52. Rc5 Nh6 53. Ra5 Ng8 54. Ke5 Nh6 55. Ke4 Kf6 56.
Kf4 Kg7 57. g4 hxg4 58. hxg4 Ng8 59. Ra7 Nf6 60. Rb7 Nd5+ 61. Kf3 Nf6 62.
Rb5 Nh7 63. Kf4 Nf6 64. Ra5 Nh7 65. Ra4 Kf6 66. Ra6+ Kg7 67. Ke5 Ng5 68.
Kd6 Kf6 69. Ra1 Ne4+ 70. Kd5 Ng5 71. Rf1+ Kg7 72. Kd6 f5 73. gxf5 gxf5 74.
Rxf5 Kg6 75. Rf1 Nf7+ 76. Ke7 Ng5 77. Rf4 Nh3 78. Rf3 Ng5 79. Rf8 Ne4 80.
Rf7 Ng5 81. Rf6+ Kh5 82. Rf4 Kg6 83. Kd6 Nf7+ 84. Kd5 Ng5 85. Rf1 Nf7 86.
Ke4 Ng5+ 87. Kf4 Nf7 88. Ra1 Kf6 89. Ra6+ Ke7 90. Ke4 Nd6+ 91. Ke5 Nf7+ 92.
Kd5 Ng5 93. Rg6 Nf7 94. Re6+ Kd7 95. Re7+ Kxe7 1/2-1/2

[Event "Saint Louis Blitz 2020"]
[Site "Internet"]
[Date "18.09.2020"]
[Round "2B"]
[White "Nakamura,Hi"]
[Black "Grischuk,A"]
[Result "1-0"]
[WhiteElo "2736"]
[BlackElo "2777"]
[EventDate "2020.09.15"]

1. e4 e5 2. Nf3 Nc6 3. Bb5 Nf6 4. d3 Bc5 5. Bxc6 dxc6 6. Nbd2 Be6 7. O-O
Nd7 8. Nb3 Bb6 9. Ng5 Bxb3 10. axb3 Qe7 11. Nf3 a6 12. Nd2 Ba7 13. Nc4
O-O-O 14. Qe1 Kb8 15. Be3 Bxe3 16. Qxe3 f6 17. f4 exf4 18. Qxf4 Ne5 19. Kh1
Rhe8 20. Na5 c5 21. Qg3 Rd7 22. Nc4 Qe6 23. Rf5 Ka7 24. Nxe5 fxe5 25. Raf1
b6 26. Qf3 Kb7 27. h4 a5 28. Qg3 Rde7 29. R1f2 Qd7 30. Qe3 Re6 31. Kh2 R6e7
32. R2f3 Re6 33. Qf2 R6e7 34. Rg3 Qe6 35. h5 Qh6 36. Qe3 Qd6 37. Rgf3 Qe6
38. Qg5 Qg8 39. Rf8 Qe6 40. Rxe8 Rxe8 41. Qxg7 Rg8 42. Rf6 Qxb3 43. Qxh7
Qa2 44. Qf7 Qxf7 45. Rxf7 a4 46. Kh3 b5 47. g4 b4 48. Kh4 Kc6 49. h6 1-0

[Event "Saint Louis Blitz 2020"]
[Site "Internet"]
[Date "18.09.2020"]
[Round "2B"]
[White "Firouzja,Alireza"]
[Black "Nepomniachtchi,I"]
[Result "1-0"]
[WhiteElo "2728"]
[BlackElo "2784"]
[EventDate "2020.09.15"]

1. Nf3 d6 2. d4 g6 3. e4 Nf6 4. Nc3 a6 5. a4 Bg7 6. h3 Nc6 7. Bc4 Nxe4 8.
Bxf7+ Kxf7 9. Nxe4 d5 10. Nc5 Rf8 11. O-O Kg8 12. c3 e5 13. dxe5 Nxe5 14.
Nxe5 Bxe5 15. a5 c6 16. Be3 Bc7 17. b4 Qd6 18. f4 g5 19. Qh5 gxf4 20. Bd4
Qg6 21. Qxg6+ hxg6 22. Rae1 Bd6 23. Be5 Bxc5+ 24. bxc5 Bf5 25. Rxf4 Rae8
26. Rh4 g5 27. Rh5 g4 28. hxg4 Bd3 29. Rg5+ Kf7 30. Rg7+ Ke6 31. Bd6+ Kf6
32. Rge7 Rc8 33. R1e6+ Kg5 34. Rg7+ 1-0

[Event "Saint Louis Blitz 2020"]
[Site "Internet"]
[Date "18.09.2020"]
[Round "2B"]
[White "Dominguez Perez,L"]
[Black "Aronian,L"]
[Result "1/2-1/2"]
[WhiteElo "2758"]
[BlackElo "2773"]
[EventDate "2020.09.15"]

1. e4 e5 2. Nf3 Nc6 3. Bb5 Nf6 4. O-O Nxe4 5. d4 Nd6 6. Bxc6 dxc6 7. dxe5
Nf5 8. Qxd8+ Kxd8 9. h3 Bd7 10. Rd1 Ke8 11. Nc3 Ne7 12. Bf4 Ng6 13. Bh2 Be7
14. Rd2 Rd8 15. Rad1 Bc8 16. Nd4 Nf8 17. a4 h5 18. a5 a6 19. e6 Nxe6 20.
Nxe6 Bxe6 21. Bxc7 Rxd2 22. Rxd2 Rh6 23. Ne4 Bd5 24. Nc3 Bb4 25. Rd3 Bxc3
26. Rxc3 Re6 27. Kf1 Kd7 28. Bb6 Be4 29. Rc4 Bg6 30. Rd4+ Rd6 31. Rxd6+
Kxd6 32. c3 Bd3+ 33. Ke1 Kd5 34. h4 f6 35. g3 Ke4 36. Bd4 Bc4 37. Kd2 Kf3
38. b4 Ke4 39. Ke1 Kf3 40. Kd2 Ke4 41. Be3 Kf3 42. Bd4 1/2-1/2

[Event "Saint Louis Blitz 2020"]
[Site "Internet"]
[Date "18.09.2020"]
[Round "2B"]
[White "So,W"]
[Black "Harikrishna,P"]
[Result "1-0"]
[WhiteElo "2770"]
[BlackElo "2732"]
[EventDate "2020.09.15"]

1. e4 c6 2. d4 d5 3. e5 Bf5 4. Nd2 e6 5. Nb3 a6 6. Nf3 Nd7 7. Be2 Rc8 8.
O-O c5 9. dxc5 Nxc5 10. c3 Nd7 11. Be3 Ne7 12. Nbd4 Bg6 13. a4 Nc6 14. Nxc6
Rxc6 15. Nd4 Rc8 16. f4 Be7 17. f5 exf5 18. e6 Nf6 19. exf7+ Kxf7 20. h4 f4
21. Bxf4 Bc5 22. h5 Be4 23. h6 Rg8 24. Bg5 Qd6 25. hxg7 Qg3 26. Rxf6+ Kxg7
27. Rf2 Rgf8 28. Bf3 Bxf3 29. Qd2 Bxd4 30. Qxd4+ Kg6 31. Be7 Rf7 32. Qd3+
Kg7 33. Rxf3 1-0

[Event "Saint Louis Blitz 2020"]
[Site "Internet"]
[Date "18.09.2020"]
[Round "2B"]
[White "Carlsen,M"]
[Black "Xiong,Jeffery"]
[Result "1-0"]
[WhiteElo "2863"]
[BlackElo "2709"]
[EventDate "2020.09.15"]

1. e4 c5 2. Nf3 Nc6 3. Nc3 e6 4. d4 cxd4 5. Nxd4 a6 6. Nxc6 bxc6 7. e5 Qc7
8. Bf4 Ne7 9. Bd3 Ng6 10. Bxg6 hxg6 11. Bg3 c5 12. O-O Bb7 13. Re1 Be7 14.
Ne4 Rb8 15. b3 c4 16. Qd4 cxb3 17. cxb3 Bxe4 18. Qxe4 O-O 19. Rad1 Rfc8 20.
h4 Rb4 21. Qd3 a5 22. Qxd7 Bxh4 23. Qxc7 Rxc7 24. a3 Rg4 25. Bxh4 Rxh4 26.
g3 Rh5 27. b4 Rb7 28. Re4 Rb5 29. Rd8+ Kh7 30. Rf8 axb4 31. axb4 Rf5 32.
Rh4+ Rh5 33. Rc4 Rf5 34. g4 Rf3 35. g5 Rh3 36. Rcc8 1-0

[Event "Saint Louis Blitz 2020"]
[Site "Internet"]
[Date "18.09.2020"]
[Round "3B"]
[White "Xiong,Jeffery"]
[Black "Nakamura,Hi"]
[Result "1/2-1/2"]
[WhiteElo "2709"]
[BlackElo "2736"]
[EventDate "2020.09.15"]

1. e4 e5 2. Nf3 Nc6 3. d4 exd4 4. Nxd4 Bc5 5. Nxc6 bxc6 6. Bd3 d6 7. Qe2
Qe7 8. Be3 Bb6 9. Nc3 Nf6 10. O-O-O O-O 11. h3 Rb8 12. Rhe1 Nd7 13. Na4 Re8
14. f4 Bxe3+ 15. Qxe3 Nb6 16. Nc3 c5 17. Qf2 f6 18. g4 Be6 19. Rg1 Rf8 20.
h4 Bc4 21. Qf3 c6 22. g5 Rbd8 23. Bxc4+ Nxc4 24. Qd3 Nb6 25. Rg4 d5 26.
gxf6 Rxf6 27. Rdg1 Rf7 28. e5 Kh8 29. h5 Rdf8 30. Qg3 Rg8 31. Nd1 d4 32.
Nf2 Qe6 33. b3 Qf5 34. Qd3 Nd5 35. Qxf5 Rxf5 36. Nd3 Rxh5 37. Nxc5 Ne3 38.
Rg5 Rh2 39. Ne4 g6 40. Nd2 Rf8 41. e6 Nf5 42. Re1 Re8 43. Nf3 Rf2 44. Ne5
Kg7 45. Reg1 Rxf4 46. Nd3 Rf3 47. Ne5 Rf2 48. Nd3 Rf3 49. Ne5 Rf4 50. Nd3
Rf3 1/2-1/2